[Event "GER-ch Youth U16W 2020"]
[Site "Willingen"]
[Date "2020.10.20"]
[Round "1.9"]
[White "Klahold, Rona"]
[Black "Brunner, Sophia"]
[Result "0-1"]
[WhiteElo "1551"]
[BlackElo "1850"]
[Annotator "NA RC"]
[PlyCount "128"]
[EventDate "2020.10.20"]
[EventType "swiss"]
[EventRounds "7"]
[EventCountry "GER"]
[SourceTitle "playchess.com"]
[Source "ChessBase"]
[SourceQuality "1"]
[TimeControl "40/5400+30:1800+30"]

{[%evp 12,120,-49,-50,32767,-56,-56,-46,-38,-36,-32,-40,-33,-40,-23,-33,-24,-29,32767,-38,-49,-69,-13,32767,32767,-14,4,0,-14,-2,18,12,10,7,32767,32767,32767,-1,32767,-23,-11,32767,32767,32767,32767,32767,-228,-209,-241,-253,32767,32767,32767,32767,32767,32767,32767,32767,32767,32767,32767,-231,-170,32767,32767,32767,32767,-338,32767,-379,-366,-421,32767,32767,32767,32767,-655,-405,-793,-549,-544,-639,-31,-555,-492,-503,-950,32767,32767,32767,32767,32767,32767,32767,32767,32767,32767,32767,32767,32767,32767,-12574,-29970,-29977,-29979,32767,-29973,-29976,-29981,-29981,-29982]} 1. d4 {[%emt 0:00:00]} Nf6 {[%emt 0:00:00]} 2. Bf4 {[%emt 0:00:00]} g6 {[%emt 0:00:00]} 3. Nc3 {[%emt 0:00:20]} d5 {[%emt 0:00:00]} 4. Nf3 {[%emt 0:01:11]} Bg7 {[%emt 0:00:15]} 5. e3 {[%emt 0:00:34]} O-O {[%emt 0:01:16]} 6. Ne2 {[%emt 0:03:41] D00: 1 d4 d5: Unusual lines.} c5 {[%emt 0:03:02]} 7. Ng3 {[%emt 0:03:18]} Qb6 {[%emt 0:11:38]} 8. Qc1 {[%emt 0:05:37]} Nc6 {[%emt 0:03:51]} 9. c3 {[%emt 0:03:00] [#]} Bg4 $146 {[%emt 0:18:09]} ({Predecessor:} 9... Nd7 10. Bd3 f6 11. e4 dxe4 12. Nxe4 cxd4 13. cxd4 Nxd4 14. Qc4+ Ne6 15. Rc1 Nb8 {0-1 (38) Maestre,A-Estremera Panos,S Benidorm 1986}) 10. Ne5 {[%emt 0:06:30]} Rac8 {[%emt 0:07:03]} 11. Nxg4 {[%emt 0:03:01]} Nxg4 {[%emt 0:00:13]} 12. Be2 {[%emt 0:00:37]} Nf6 {[%emt 0:06:48]} 13. Qd2 {[%emt 0:10:27]} Rfe8 {[%emt 0:01:57]} 14. h4 {[%emt 0:09:27]} h5 {[%emt 0:11:32]} 15. Rb1 {[%emt 0:10:53]} e6 {[%emt 0:17:24]} 16. Qd3 {[%emt 0:06:11]} (16. O-O $11) 16... e5 {[%emt 0:08:08]} ({Better is} 16... cxd4 $17 17. exd4 e5 18. dxe5 Nxe5) 17. dxe5 {[%emt 0:01:34]} Nxe5 {[%emt 0:00:01]} 18. Qb5 {[%emt 0:01:35]} Qxb5 {[%emt 0:04:50]} 19. Bxb5 {[%emt 0:00:02]} Re7 {[%emt 0:00:01]} 20. O-O {[%emt 0:02:53]} a6 {[%emt 0:01:51]} 21. Ba4 {[%emt 0:02:42]} Rd8 {[%emt 0:00:37]} 22. Ne2 {[%emt 0:01:09]} b5 {[%emt 0:01:19]} 23. Bc2 {[%emt 0:00:18]} Nc6 {[%emt 0:00:14]} 24. Rbd1 {[%emt 0:00:50]} Red7 {[%emt 0:00:31]} 25. b3 {[%emt 0:04:21]} Ne4 {[%emt 0:01:04]} 26. f3 {[%emt 0:11:04]} Nxc3 {[%emt 0:00:13]} 27. Nxc3 {[%emt 0:00:09]} Bxc3 {[%emt 0:00:05]} 28. Rd3 {[%emt 0:00:22]} Be5 {[%emt 0:00:52]} 29. Bxe5 {[%emt 0:01:51]} Nxe5 {[%emt 0:00:01]} 30. Rd2 {[%emt 0:00:09]} d4 {[%emt 0:01:20]} 31. exd4 {[%emt 0:02:28]} Rxd4 {[%emt 0:00:03]} 32. Rxd4 {[%emt 0:00:31]} Rxd4 {[%emt 0:00:08]} 33. Re1 {[%emt 0:03:19]} f6 {[%emt 0:00:10]} 34. Rd1 {[%emt 0:02:19]} Rxd1+ {[%emt 0:00:10]} 35. Bxd1 {[%emt 0:00:01]} Kf7 {[%emt 0:01:14]} 36. Bc2 {[%emt 0:02:25]} (36. Kf2 $17) 36... Nc6 {[%emt 0:00:24]} 37. Kf2 {[%emt 0:01:00]} Nb4 {[%emt 0:00:44]} 38. Bb1 {[%emt 0:00:07]} f5 {[%emt 0:00:20]} 39. Ke3 {[%emt 0:01:46]} Nd5+ {[%emt 0:00:17]} 40. Kd2 {[%emt 0:00:36]} Ke6 {[%emt 0:01:22]} 41. g3 {[%emt 0:31:19]} c4 {[%emt 0:16:39]} 42. bxc4 {[%emt 0:00:00]} bxc4 {[%emt 0:00:03]} 43. a3 {[%emt 0:00:00]} Ke5 {[%emt 0:01:13]} 44. Bc2 {[%emt 0:00:00]} Kd4 {[%emt 0:01:43]} 45. Ba4 {[%emt 0:00:00]} Nc7 {[%emt 0:11:14]} 46. Bd7 {[%emt 0:00:00]} Nb5 $2 {[%emt 0:01:34]} (46... c3+ $19 47. Kc2 Nb5) 47. a4 $2 {[%emt 0:00:00]} (47. Be8 $17) 47... Nc7 {[%emt 0:00:49]} 48. Bc8 {[%emt 0:00:00]} a5 {[%emt 0:00:28]} 49. Bd7 {[%emt 0:00:00]} c3+ {[%emt 0:00:37]} 50. Kc2 {[%emt 0:00:00]} Nd5 {[%emt 0:00:03]} 51. Be8 {[%emt 0:00:00]} Nb4+ {[%emt 0:00:34]} 52. Kc1 {[%emt 0:00:00]} Kd3 {[%emt 0:00:54]} 53. Bb5+ {[%emt 0:00:00]} Ke3 {[%emt 0:00:11]} 54. f4 {[%emt 0:01:34]} Kf3 {[%emt 0:00:21]} 55. Be8 {[%emt 0:00:09]} Kxg3 {[%emt 0:00:24]} 56. Bxg6 {[%emt 0:00:06]} Kxf4 {[%emt 0:01:25]} 57. Bxh5 {[%emt 0:00:06]} Kg3 {[%emt 0:00:14]} 58. Bg6 {[%emt 0:00:12]} f4 {[%emt 0:00:41]} 59. h5 {[%emt 0:00:29]} f3 {[%emt 0:00:15]} 60. Bf7 {[%emt 0:00:18]} Nd3+ {[%emt 0:00:31]} 61. Kc2 {[%emt 0:00:15]} f2 {[%emt 0:00:16]} 62. h6 {[%emt 0:00:33]} f1=Q {[%emt 0:00:08]} 63. h7 {[%emt 0:00:02]} Nb4+ {[%emt 0:00:18]} 64. Kxc3 {[%emt 0:00:26]} Qf6+ 0-1

[Event "GER-ch Youth U16W 2020"]
[Site "Willingen"]
[Date "2020.10.20"]
[Round "1.10"]
[White "Reuter, Elisa"]
[Black "Dohon, Maria-Johanna"]
[Result "1-0"]
[WhiteElo "1860"]
[BlackElo "1536"]
[Annotator "NA RC"]
[PlyCount "69"]
[EventDate "2020.10.20"]
[EventType "swiss"]
[EventRounds "7"]
[EventCountry "GER"]
[SourceTitle "playchess.com"]
[Source "ChessBase"]
[SourceQuality "1"]
[TimeControl "40/5400+30:1800+30"]

{[%evp 14,58,-14,-6,0,-44,-63,-66,-31,-89,-77,-79,-50,-56,-48,-93,-59,-124,-36,-56,-42,-107,-15,32767,-12,-21,32767,32767,-5,32767,0,-5,3,8,12,32767,32767,32767,32767,32767,25,0,32767,-17,32767,32767,14]} 1. e4 {[%emt 0:00:00]} c6 {[%emt 0:00:00]} 2. d4 {[%emt 0:00:00]} d5 {[%emt 0:00:00]} 3. exd5 {[%emt 0:00:00]} cxd5 {[%emt 0:00:00]} 4. c4 {[%emt 0:00:00]} Nf6 {[%emt 0:00:15]} 5. Nc3 {[%emt 0:00:07]} e6 {[%emt 0:00:22]} 6. Nf3 {[%emt 0:00:57]} Bb4 {[%emt 0:00:14]} 7. a3 {[%emt 0:12:13]} Bxc3+ $1 {[%emt 0:04:10]} 8. bxc3 {[%emt 0:00:06]} O-O {[%emt 0:02:45]} 9. c5 {[%emt 0:07:24] B14: Caro-Kann: Panov-Botvinnik Attack with 5...e6 and 5...g6.} b6 {[%emt 0:08:22]} 10. cxb6 {[%emt 0:05:25]} Qxb6 {[%emt 0:02:23]} 11. Bd3 {[%emt 0:01:40]} Ba6 {[%emt 0:08:06]} 12. O-O {[%emt 0:02:16]} Bxd3 {[%emt 0:04:58]} 13. Qxd3 {[%emt 0:00:09]} Qa6 {[%emt 0:10:11] [#]} 14. Qc2 $146 {[%emt 0:10:45]} (14. Qxa6 $15 Nxa6 15. Bf4) ({Predecessor:} 14. Rd1 Qxd3 15. Rxd3 Nbd7 16. a4 a5 17. Nd2 Rfc8 18. f3 Nb6 19. Kf2 Nc4 20. Nb3 {½-½ (39) Lach,A (2209)-Dzikowski,M (2158) Katowice 2018}) 14... Ne4 {[%emt 0:07:47]} 15. Ne5 {[%emt 0:05:06]} Nc6 {[%emt 0:12:00]} (15... Rc8 $17 16. Bb2 Nc6 17. Nxc6 Rxc6) 16. f3 {[%emt 0:07:25]} Nd6 {[%emt 0:08:34]} 17. Re1 {[%emt 0:07:11]} ({White should try} 17. Nd7 $15) 17... Ne7 {[%emt 0:05:41]} (17... Nxe5 $17 18. Rxe5 Rfc8) 18. Bf4 {[%emt 0:07:50]} Rac8 {[%emt 0:04:13]} 19. Nd7 {[%emt 0:03:21]} Rfd8 {[%emt 0:01:57]} 20. Nc5 {[%emt 0:01:01]} Qc6 {[%emt 0:01:52]} 21. Bxd6 {[%emt 0:00:59]} Rxd6 {[%emt 0:00:55]} 22. f4 {[%emt 0:04:34]} Ng6 {[%emt 0:02:36]} 23. Qf2 {[%emt 0:03:20]} h6 {[%emt 0:01:20]} 24. Re3 {[%emt 0:04:11]} Rb8 {[%emt 0:02:07]} 25. Rae1 {[%emt 0:01:21]} Qb6 {[%emt 0:01:42]} 26. g3 {[%emt 0:06:14]} Nf8 {[%emt 0:01:41]} 27. Kg2 {[%emt 0:03:49]} Qb2 {[%emt 0:01:56]} 28. a4 {[%emt 0:01:29]} Qxf2+ {[%emt 0:01:15]} 29. Kxf2 {[%emt 0:00:04]} Rb2+ $11 {[%emt 0:01:19]} 30. R3e2 {[%emt 0:00:19]} Rxe2+ {[%emt 0:00:50]} 31. Kxe2 {[%emt 0:01:49]} Ng6 {[%emt 0:01:56]} 32. Rb1 {[%emt 0:00:56]} Ne7 {[%emt 0:02:10]} 33. Rb7 {[%emt 0:00:34]} Nc6 {[%emt 0:00:22]} 34. Rc7 {[%emt 0:00:15]} a5 {[%emt 0:00:56]} 35. Nb7 {[%emt 0:00:13]} 1-0

[Event "GER-ch Youth U16W 2020"]
[Site "Willingen"]
[Date "2020.10.21"]
[Round "2.1"]
[White "Doll, Rebecca"]
[Black "Butenandt, Svenja"]
[Result "0-1"]
[WhiteElo "1808"]
[BlackElo "1986"]
[Annotator "TA"]
[PlyCount "118"]
[EventDate "2020.10.20"]
[EventType "swiss"]
[EventRounds "7"]
[EventCountry "GER"]
[SourceTitle "playchess.com"]
[Source "ChessBase"]
[SourceQuality "1"]

{[%evp 30,118,43,41,53,50,41,45,48,43,55,5,0,-52,-42,-30,-33,-82,-79,-445,-445,-465,-465,-454,-449,-434,-378,-368,-329,-323,-322,-384,-337,-342,-333,-486,-486,-482,-483,-463,-459,-500,-499,-495,-478,-529,-529,-529,-529,-529,-522,-526,-518,-506,-458,-498,-495,-510,-504,-497,-493,-659,-618,-1508,-1493,-1244,-1245,-826,-788,-29943,-29949,-29949,-6297,-29959,-29955,-29965,-29965,-29963,-29963,-29963,-29968,-12799,-10701,-29981,-29982,-29981,-29983,-29983,-29984,-29985,-29986]} 1. e4 c5 2. Nf3 e6 3. d4 cxd4 4. Nxd4 a6 5. c4 Nf6 6. Nc3 d6 7. Be2 Qc7 8. O-O b6 9. Be3 Bb7 10. f3 Be7 11. Rc1 O-O 12. a3 Nbd7 13. b4 Rac8 14. Nb3 Qb8 15. Qd2 Rfe8 16. Rfd1 Ne5 {A31: Symmetrical English: 2 Nf3 Nf6 3 d4.} 17. Na4 {[%cal Bc3a4,Ba4b2,Bb2d3][%mdl 32]} Nfd7 {[#]} 18. Bf4 $146 ({Predecessor:} 18. Nb2 Red8 19. Nd4 Re8 20. Bf1 Bd8 21. Qf2 Bc7 22. Be2 Ng6 23. g3 Rcd8 24. Na4 {1-0 (50) Eisenbeiser,A (2379)-Lutz,B (2338) Baden 2019}) 18... Bc6 {White is slightly better.} 19. Nb2 b5 20. c5 dxc5 21. Bxe5 (21. bxc5 $11 Red8 22. Qe3) 21... Qxe5 22. Nd3 {[%mdl 64] [#] Double Attack} Qg5 {aiming for ...c4.} 23. Nbxc5 Nxc5 24. f4 $2 {[%mdl 8192]} (24. bxc5 $17 Red8 25. Qxg5 Bxg5 26. Rb1) 24... Nxe4 $19 25. Qe3 Qf6 26. Rxc6 Rxc6 {[%cal Bc8c6,Bc6d6,Bd6d4][%mdl 32]} 27. Qxe4 Rd6 28. Rc1 Qd4+ 29. Qxd4 Rxd4 30. Rc6 Rd6 31. Rc7 Bf6 32. Ne5 (32. Kf1 $142) 32... Bxe5 33. fxe5 {[%mdl 4096] Endgame KRR-KRB} Rd5 34. Bf3 Rxe5 35. Ra7 g5 36. Rxa6 Rd8 37. Ra5 Rd2 {[%cal Re5e1]} 38. h3 Ra2 39. Bc6 h6 40. Bxb5 Kg7 41. Kh2 Rd2 42. Bc4 Rxa5 43. bxa5 {KR-KB} Rd7 44. a6 e5 45. g4 Kf6 46. Kg3 Rc7 47. Bd5 Rc3+ {[%mdl 64] [#] Double Attack} 48. Kf2 Rxa3 49. Bb7 Ke6 50. Ke2 Kd6 51. Kf2 Kc5 52. Kg2 Kb6 53. Bd5 f6 54. Bc4 Rxa6 55. Kf3 Ra3+ 56. Ke4 Ra4 {Black mates.} 57. Kd5 Rxc4 58. Kxc4 Kc6 59. Kd3 Kd5 {White did not feel at home in the position after the opening. Av CentiPawn Loss W=332/B=-54. Weighted=829/-28} 0-1

[Event "GER-ch Youth U16W 2020"]
[Site "Willingen"]
[Date "2020.10.21"]
[Round "2.2"]
[White "Schnabel, Luise"]
[Black "Heutling, Elina"]
[Result "1/2-1/2"]
[WhiteElo "1867"]
[BlackElo "1873"]
[Annotator "NA RC"]
[PlyCount "78"]
[EventDate "2020.10.20"]
[EventType "swiss"]
[EventRounds "7"]
[EventCountry "GER"]
[SourceTitle "playchess.com"]
[Source "ChessBase"]
[SourceQuality "1"]
[TimeControl "40/5400+30:1800+30"]

{[%evp 13,74,0,19,12,40,-52,-27,-37,-18,-50,-13,-18,-13,-19,30,34,30,22,24,14,32767,47,75,39,46,31,86,104,94,65,99,58,64,35,32767,37,29,37,32767,29,42,32767,32767,32767,51,-10,32767,32767,32767,32767,32767,32767,32767,32767,71,0,0,0,0,0,0,0,0]} 1. e4 {[%emt 0:00:00]} e5 {[%emt 0:00:00]} 2. Nf3 {[%emt 0:00:00]} Nc6 {[%emt 0:00:00]} 3. Bb5 {[%emt 0:00:00]} a6 {[%emt 0:00:06]} 4. Bxc6 {[%emt 0:00:41]} dxc6 {[%emt 0:00:09]} 5. O-O {[%emt 0:00:17]} Qf6 {[%emt 0:00:35]} 6. d3 {[%emt 0:02:33] C68: Ruy Lopez: Exchange Variation, sidelines.} Ne7 {[%emt 0:03:36]} 7. Nbd2 {[%emt 0:03:39]} Bg4 {[%emt 0:09:33]} 8. h3 {[%emt 0:01:53]} Bh5 {[%emt 0:02:39]} ({Better is} 8... h5 $11) 9. Nc4 {[%emt 0:03:37]} (9. b4 $14) 9... Bxf3 $1 {[%emt 0:02:38]} 10. Qxf3 {[%emt 0:00:10]} Qxf3 {[%emt 0:00:18]} 11. gxf3 {[%emt 0:00:11]} Ng6 {[%emt 0:00:32] [#]} 12. Rd1 $146 {[%emt 0:02:47]} ({Predecessor:} 12. Be3 f6 13. Rfd1 c5 14. Kf1 Bd6 15. Ke2 Kf7 16. c3 b6 17. Rac1 Rhd8 18. d4 exd4 19. cxd4 {1-0 (31) Meijers,V (2512)-Erker,T (2135) Forchtenberg 2003}) 12... O-O-O {[%emt 0:01:50]} 13. Kf1 {[%emt 0:03:12]} b5 {[%emt 0:11:37]} 14. Na5 {[%emt 0:02:48]} Rd6 {[%emt 0:04:13]} 15. Ke2 {[%emt 0:05:39]} Be7 {[%emt 0:06:12]} 16. Be3 {[%emt 0:03:34]} Rhd8 {[%emt 0:01:51]} 17. Rg1 {[%emt 0:03:37]} Bf8 {[%emt 0:06:26]} 18. Rad1 {[%emt 0:06:55]} h6 {[%emt 0:06:48]} 19. c3 {[%emt 0:06:32]} Nf4+ {[%emt 0:09:10]} (19... c5 $1 $11) 20. Bxf4 $1 {[%emt 0:01:53]} exf4 {[%emt 0:00:04]} 21. Nb3 {[%emt 0:05:39]} Kb7 {[%emt 0:03:27]} 22. Rg4 {[%emt 0:03:50]} g5 {[%emt 0:01:32]} 23. Nd4 {[%emt 0:03:00]} c5 {[%emt 0:08:38]} 24. Nf5 {[%emt 0:01:12]} Rb6 {[%emt 0:03:23]} 25. h4 {[%emt 0:02:54]} f6 {[%emt 0:02:15]} 26. d4 {[%emt 0:12:57]} b4 {[%emt 0:06:56]} 27. Rgg1 {[%emt 0:10:20]} a5 {[%emt 0:05:13]} 28. h5 {[%emt 0:05:06]} c4 {[%emt 0:02:18]} 29. Rd2 {[%emt 0:02:18]} Ka7 {[%emt 0:01:02]} 30. Rgd1 {[%emt 0:03:24]} Rdb8 {[%emt 0:00:53]} 31. d5 {[%emt 0:00:41]} bxc3 {[%emt 0:00:16]} 32. bxc3 {[%emt 0:00:02]} Rb2 {[%emt 0:00:27]} 33. Nd4 {[%emt 0:01:01]} Ka6 {[%emt 0:00:39]} (33... Rxd2+ $11 34. Rxd2 Rb1) 34. Nc6 {[%emt 0:01:32]} ({White should play} 34. a4 $1 $14) 34... Rxd2+ {[%emt 0:00:08]} 35. Rxd2 {[%emt 0:00:11]} Rb1 {[%emt 0:01:17]} 36. Rd1 {[%emt 0:01:15]} Rb2+ {[%emt 0:00:11]} 37. Rd2 {[%emt 0:00:12]} Rb1 $11 {[%emt 0:00:48]} 38. Rd1 {[%emt 0:00:28]} Rb2+ {[%emt 0:00:35]} 39. Rd2 {[%emt 0:00:26]} Rb1 {[%emt 0:00:36]} 1/2-1/2

[Event "GER-ch Youth U16W 2020"]
[Site "Willingen"]
[Date "2020.10.21"]
[Round "2.3"]
[White "Brunner, Sophia"]
[Black "Peglau, Mirjam"]
[Result "1-0"]
[WhiteElo "1850"]
[BlackElo "1909"]
[Annotator "TA"]
[PlyCount "55"]
[EventDate "2020.10.20"]
[EventType "swiss"]
[EventRounds "7"]
[EventCountry "GER"]
[SourceTitle "playchess.com"]
[Source "ChessBase"]
[SourceQuality "1"]

{[%evp 9,55,60,81,56,63,64,69,55,75,83,85,79,64,69,92,49,76,25,6,16,46,39,54,23,120,122,204,208,247,288,294,100,407,51,353,190,392,390,1007,1000,989,1000,931,945,1645,1578,1979,1952]} 1. d4 c6 2. c4 d5 3. Nc3 e6 4. e4 Nf6 5. e5 Nfd7 6. f4 {D31: Queen's Gambit Declined: Semi-Slav without ...Nf6 (+ Marshall Gambit and Noteboom) and Exchange Variation lines without ...Nf6.} dxc4 7. Bxc4 Nb6 8. Bb3 {[#] White is slightly better.} Na6 $146 ({Predecessor:} 8... c5 9. d5 exd5 10. Nxd5 Nc6 11. Nf3 Bg4 12. Be3 Nxd5 13. Bxd5 Qd7 14. h3 Nb4 15. Bxf7+ Qxf7 16. hxg4 {1-0 (31) Juhar,R (2145)-Krajnak,J (2108) Slovakia 2017}) 9. Nf3 Be7 10. O-O O-O 11. a3 c5 12. Kh1 Bd7 13. d5 ({White should try} 13. f5 $16) 13... exd5 $11 14. Nxd5 Nxd5 15. Bxd5 Qc7 16. Qe2 Bc6 (16... Rad8 $11 {remains equal.}) 17. Bc4 $16 Rad8 (17... Bd7 $16 {is a better defense.}) 18. f5 $1 $18 Rfe8 19. Bf4 $1 Qc8 {[#]} 20. Qc2 $2 (20. f6 $1 $18 {[%mdl 512] and the rest is easy.} Bxf6 (20... gxf6 21. e6) 21. Qc2) 20... b5 $2 {[%mdl 8192] [#]} (20... Bd5 $16) 21. Ba2 $2 ({Less strong is} 21. f6 bxc4 22. Ng5 (22. fxe7 Rd3 $11) 22... g6 $18) ({White should play} 21. Bxf7+ $1 $18 {[%mdl 512]} Kxf7 22. f6 {[%mdl 64] Discovered Attack} Bxf3 23. fxe7 (23. gxf3 Bxf6 24. exf6 g6 $11) 23... Rxe7 24. Bg5 (24. gxf3 h6 $16) 24... Rxe5 25. Bxd8 (25. Qxh7 $2 Rxg5 26. Rxf3+ Ke7 $19)) 21... Qb7 $2 {[%mdl 8192] [#]} (21... c4 $14) 22. Rae1 (22. f6 $142 $1 {[%mdl 512]} Be4 {[#]} (22... gxf6 23. Bb1) 23. Bxf7+ $1 {[%mdl 576] Double Attack} (23. Qb3 c4 $17) 23... Kh8 24. Qc3) 22... Bd5 $2 {[#]} (22... Bxf3 23. Rxf3 (23. gxf3 Bh4 $16) 23... c4) 23. f6 $1 {[%mdl 512] aiming for Ng5.} Bf8 $2 (23... Bxa2 24. Ng5 g6) (23... gxf6 24. Bb1) 24. fxg7 {White is clearly winning.} Bxg7 25. Bb1 Kf8 26. Qxh7 Qc6 27. Nh4 Rd7 28. Bg5 {Av CentiPawn Loss W=-39/B=-125. Weighted=-67/-157} 1-0

[Event "GER-ch Youth U16W 2020"]
[Site "Willingen"]
[Date "2020.10.21"]
[Round "2.4"]
[White "Rudolph, Eva"]
[Black "Reuter, Elisa"]
[Result "1/2-1/2"]
[WhiteElo "1836"]
[BlackElo "1860"]
[Annotator "NA RC"]
[PlyCount "105"]
[EventDate "2020.10.20"]
[EventType "swiss"]
[EventRounds "7"]
[EventCountry "GER"]
[SourceTitle "playchess.com"]
[Source "ChessBase"]
[SourceQuality "1"]
[TimeControl "40/5400+30:1800+30"]

1. e4 {[%emt 0:00:00]} c5 {[%emt 0:00:00]} 2. Nf3 {[%emt 0:00:00]} Nc6 {[%emt 0:00:00]} 3. d4 {[%emt 0:00:00]} cxd4 {[%emt 0:00:00]} 4. Nxd4 {[%emt 0:00:00]} g6 {[%emt 0:00:00]} 5. Nc3 {[%emt 0:00:08]} Bg7 {[%emt 0:00:00]} 6. Be3 {[%emt 0:00:14]} Nf6 {[%emt 0:00:00]} 7. Bc4 {[%emt 0:00:16]} Qa5 {[%emt 0:00:00]} 8. O-O {[%emt 0:00:56]} O-O {[%emt 0:00:03]} 9. Bb3 {[%emt 0:00:25]} d6 {[%emt 0:00:07]} 10. h3 {[%emt 0:00:09]} Bd7 {[%emt 0:00:05]} 11. Re1 {[%emt 0:00:26]} Rac8 {[%emt 0:00:20]} 12. Qd2 {[%emt 0:02:14]} Rfe8 {[%emt 0:25:44]} 13. Rad1 {[%emt 0:02:02] B35: Sicilian: Accelerated Dragon with 5 Nc3: main line.} Nh5 {[%emt 0:07:43] [#]} 14. Nd5 $146 {[%emt 0:15:40]} ({Predecessor:} 14. a3 Nxd4 15. Bxd4 Bc6 16. Qe3 Bxd4 17. Rxd4 Qe5 18. Nd5 Bxd5 19. exd5 Qxe3 20. Rxe3 Kf8 {½-½ (28) Bergmann,M (2457)-Noire,E (2393) LSS email 2010}) 14... Qxd2 {[%emt 0:02:28]} 15. Rxd2 {[%emt 0:01:10]} Nxd4 {[%emt 0:02:00]} 16. Bxd4 {[%emt 0:00:23]} Bxd4 {[%emt 0:01:05]} 17. Rxd4 {[%emt 0:00:12]} Bc6 {[%emt 0:02:24]} 18. c3 {[%emt 0:09:37]} Ng7 {[%emt 0:03:03]} 19. Nb4 {[%emt 0:06:09]} Red8 {[%emt 0:09:57]} 20. e5 {[%emt 0:13:06]} Nf5 {[%emt 0:01:49]} 21. Rdd1 {[%emt 0:14:26]} e6 {[%emt 0:09:01]} 22. Bc2 {[%emt 0:08:54]} a5 {[%emt 0:02:30]} 23. Nxc6 {[%emt 0:06:47]} Rxc6 {[%emt 0:00:10]} 24. Bxf5 {[%emt 0:00:48]} gxf5 {[%emt 0:01:20]} 25. Rd4 {[%emt 0:01:11]} d5 {[%emt 0:01:42]} 26. Red1 {[%emt 0:00:58]} Rdc8 {[%emt 0:00:50]} 27. Kf1 {[%emt 0:01:16]} Rc4 {[%emt 0:03:44]} 28. Ke2 {[%emt 0:01:11]} Kf8 {[%emt 0:00:10]} 29. Ke3 {[%emt 0:11:10]} Ke7 {[%emt 0:00:33]} 30. Rxc4 {[%emt 0:00:51]} Rxc4 {[%emt 0:00:08]} 31. Rd4 $1 {[%emt 0:00:10]} Rxd4 {[%emt 0:01:27]} 32. Kxd4 {[%emt 0:00:06]} Kd7 {[%emt 0:01:30]} 33. Kc5 {[%emt 0:01:26]} Kc7 {[%emt 0:00:13]} 34. b4 {[%emt 0:02:24]} axb4 $1 {[%emt 0:01:10]} 35. Kxb4 {[%emt 0:01:17]} (35. c4 $16) 35... Kc6 {[%emt 0:01:04]} 36. a4 {[%emt 0:00:32]} b6 {[%emt 0:01:03]} 37. f4 {[%emt 0:01:02]} h5 {[%emt 0:00:41]} 38. h4 {[%emt 0:00:14]} Kc7 {[%emt 0:01:05]} 39. Kb5 {[%emt 0:00:27]} Kb7 {[%emt 0:00:23]} 40. a5 {[%emt 0:00:50]} bxa5 {[%emt 0:00:11]} 41. Kxa5 {[%emt 0:30:38]} Ka7 {[%emt 0:31:43]} 42. Kb5 {[%emt 0:00:00]} Kb7 {[%emt 0:00:00]} 43. Kc5 {[%emt 0:00:00]} Kc7 {[%emt 0:00:00]} 44. g3 {[%emt 0:00:00]} Kd7 {[%emt 0:00:00]} 45. Kb6 {[%emt 0:00:00]} Kd8 {[%emt 0:00:00]} 46. Kb7 {[%emt 0:00:00]} Kd7 {[%emt 0:00:00]} 47. Kb6 {[%emt 0:00:00]} Kd8 {[%emt 0:00:00]} 48. Kc6 {[%emt 0:00:00]} Kc8 {[%emt 0:00:00]} 49. Kd6 {[%emt 0:00:00]} Kd8 {[%emt 0:00:00]} 50. Kc5 {[%emt 0:00:00]} Kc7 {[%emt 0:00:00]} 51. c4 {[%emt 0:00:00]} dxc4 $11 {[%emt 0:00:00]} 52. Kd4 {[%emt 0:00:00]} Kb6 {[%emt 0:00:00]} 53. Kxc4 {[%emt 0:00:00]} 1/2-1/2

[Event "GER-ch Youth U16W 2020"]
[Site "Willingen"]
[Date "2020.10.21"]
[Round "2.5"]
[White "Bardorz, Jana"]
[Black "Basovskiy, Jana"]
[Result "1-0"]
[WhiteElo "1960"]
[BlackElo "1760"]
[Annotator "RC"]
[PlyCount "67"]
[EventDate "2020.10.20"]
[EventType "swiss"]
[EventRounds "7"]
[EventCountry "GER"]
[SourceTitle "playchess.com"]
[Source "ChessBase"]
[SourceQuality "1"]
[TimeControl "40/5400+30:1800+30"]

1. e4 {[%emt 0:00:00]} c5 {[%emt 0:00:00]} 2. Nf3 {[%emt 0:00:00]} e6 {[%emt 0:00:00]} 3. d4 {[%emt 0:00:00]} cxd4 {[%emt 0:00:00]} 4. Nxd4 {[%emt 0:00:00]} Nf6 {[%emt 0:00:00]} 5. Nc3 {[%emt 0:00:00]} Nc6 {[%emt 0:00:00]} 6. Ndb5 {[%emt 0:00:21]} Bc5 {[%emt 0:00:03]} 7. Nd6+ {[%emt 0:04:58]} Ke7 {[%emt 0:00:12]} 8. Bf4 {[%emt 0:02:18]} e5 {[%emt 0:00:22]} 9. Nf5+ {[%emt 0:00:45]} Kf8 {[%emt 0:00:40]} 10. Bg5 {[%emt 0:03:34]} Bb4 {[%emt 0:03:10]} 11. Bc4 {[%emt 0:14:05]} h6 {[%emt 0:17:07]} 12. Bxf6 {[%emt 0:03:38]} Qxf6 {[%emt 0:00:29]} 13. Ne3 {[%emt 0:06:08]} Bxc3+ {[%emt 0:08:34]} 14. bxc3 {[%emt 0:00:10]} d6 {[%emt 0:03:12]} 15. O-O {[%emt 0:03:53]} Bd7 {[%emt 0:06:46]} 16. Rb1 {[%emt 0:08:34]} b6 {[%emt 0:05:55]} 17. Qd3 {[%emt 0:07:15]} Rd8 {[%emt 0:07:10]} 18. Bd5 {[%emt 0:03:36]} Ne7 {[%emt 0:08:39]} 19. Kh1 {[%emt 0:05:51]} Be6 {[%emt 0:08:06]} 20. a4 {[%emt 0:06:36]} h5 {[%emt 0:13:28]} 21. a5 {[%emt 0:08:51]} bxa5 {[%emt 0:06:22]} 22. f3 {[%emt 0:02:16]} g5 {[%emt 0:03:02]} 23. Rb7 {[%emt 0:02:04]} Ng6 {[%emt 0:02:46]} 24. Rxa7 {[%emt 0:00:51]} Nf4 {[%emt 0:00:46]} 25. Qd2 {[%emt 0:01:11]} Qh6 {[%emt 0:03:55]} 26. Nf5 {[%emt 0:02:19]} Qf6 {[%emt 0:00:43]} 27. c4 {[%emt 0:03:46]} g4 {[%emt 0:01:04]} 28. Qxa5 {[%emt 0:02:40]} Nxd5 {[%emt 0:00:39]} 29. cxd5 {[%emt 0:01:16]} Bxf5 {[%emt 0:00:01]} 30. fxg4 {[%emt 0:04:10]} hxg4 {[%emt 0:01:05]} 31. Rxf5 {[%emt 0:00:58]} Rxh2+ {[%emt 0:00:35]} 32. Kxh2 {[%emt 0:00:57]} Qh4+ {[%emt 0:00:00]} 33. Kg1 {[%emt 0:00:21]} Rb8 {[%emt 0:01:08]} 34. Rfxf7+ {[%emt 0:01:17]} 1-0